[Event "Santa Barbara op"]
[Site "Santa Barbara"]
[Date "2023.02.11"]
[Round "3"]
[White "Gutierrez Soto, Gilberth"]
[Black "Bonilla Rodriguez, Andres"]
[Result "0-1"]
[WhiteElo "1749"]
[BlackElo "1922"]
[PlyCount "66"]
[EventDate "2023.01.28"]
[EventType "swiss"]
[EventRounds "6"]
[EventCountry "CRI"]
[SourceTitle "CBM 213 Extra"]
[Source "ChessBase"]
[SourceDate "2023.05.31"]
[SourceVersion "1"]
[SourceVersionDate "2023.05.31"]
[SourceQuality "1"]

1. e4 e5 2. Nf3 Nc6 3. Bc4 Bc5 4. b4 Bxb4 5. c3 Be7 6. d4 Na5 7. Nxe5 Nxc4 8. Nxc4 d5 9. exd5 Qxd5 10. Ne3 Qd8 11. 0-0 Nf6 12. Na3 0-0 13. Nac4 Be6 14. Ne5 c5 15. Bb2 Rc8 16. Qe2 cxd4 17. cxd4 Nd5 18. Rfc1 Rxc1+ 19. Rxc1 Re8 20. Qb5 Nxe3 21. fxe3 Bd5 22. e4 Bxe4 23. d5 Qb6+ 24. Qxb6 axb6 25. Nd7 Bxd5 26. Nxb6 Bc6 27. Bd4 Bg5 28. Rc2 Re4 29. Bf2 h5 30. Nc8 Ra4 31. h4 Bf6 32. Nb6 Rg4 33. g3 Rb4 0-1

[Event "San Jose Banco Central op"]
[Site "San Jose"]
[Date "2019.12.10"]
[Round "7"]
[White "Carrillo Naranjo, Gerardo"]
[Black "Gutierrez Soto, Gilberth"]
[Result "0-1"]
[WhiteElo "1684"]
[BlackElo "1773"]
[PlyCount "78"]
[EventDate "2019.10.29"]
[EventType "swiss"]
[EventRounds "7"]
[EventCountry "CRI"]
[SourceTitle "EXT 2021"]
[Source "ChessBase"]
[SourceDate "2020.10.23"]
[SourceVersion "1"]
[SourceVersionDate "2020.10.23"]
[SourceQuality "1"]

1. e4 b6 2. Nc3 Bb7 3. g3 e6 4. Bg2 Nf6 5. Nge2 Be7 6. d3 d6 7. 0-0 h5 8. h3 Nbd7 9. Be3 h4 10. g4 Ne5 11. f3 Qd7 12. b3 0-0-0 13. d4 Ng6 14. Qd3 Rdf8 15. a4 a6 16. b4 Nh7 17. b5 a5 18. Rad1 f5 19. Qd2 Rf7 20. Nf4 Nxf4 21. Bxf4 g5 22. Be3 f4 23. Bf2 d5 24. Qd3 Kb8 25. exd5 exd5 26. Rfe1 Bb4 27. Re2 Re8 28. Na2 Rxe2 29. Qxe2 Re7 30. Qd3 Bd6 31. Bf1 Qe8 32. Qd2 Nf8 33. Bd3 Ne6 34. c3 c6 35. Nc1 Nc7 36. Re1 cxb5 37. Rxe7 Bxe7 38. axb5 Ba3 39. Qe2 Bxc1 0-1

[Event "San Jose Banco Central op"]
[Site "San Jose"]
[Date "2019.11.12"]
[Round "3"]
[White "Brizuela Benavides, Jorge"]
[Black "Gutierrez Soto, Gilberth"]
[Result "1/2-1/2"]
[WhiteElo "1706"]
[BlackElo "1773"]
[PlyCount "73"]
[EventDate "2019.10.29"]
[EventType "swiss"]
[EventRounds "7"]
[EventCountry "CRI"]
[SourceTitle "EXT 2021"]
[Source "ChessBase"]
[SourceDate "2020.10.23"]
[SourceVersion "1"]
[SourceVersionDate "2020.10.23"]
[SourceQuality "1"]

1. d4 Nf6 2. c4 b6 3. Nc3 Bb7 4. Nf3 e6 5. a3 d6 6. Qc2 c5 7. e4 cxd4 8. Nxd4 Be7 9. Be2 0-0 10. 0-0 Nbd7 11. f4 a6 12. Be3 Rc8 13. Bd3 Qc7 14. f5 Ng4 15. Qe2 Nxe3 16. Qxe3 e5 17. Nf3 d5 18. Qe2 dxc4 19. Bc2 Nf6 20. Kh1 Ng4 21. h3 Nf6 22. g4 b5 23. Qh2 Rfe8 24. Qg3 Bd6 25. Rfe1 Rcd8 26. Qh4 Qe7 27. Qg3 Nd7 28. g5 f6 29. Rad1 fxg5 30. Nxg5 Nf6 31. Ne6 Rd7 32. Rg1 Kh8 33. Qxg7+ Qxg7 34. Nxg7 Rxg7 35. Rxg7 Kxg7 36. Rxd6 Re7 37. Kg2 1/2-1/2